000 00964nas a2200325 4500
001 BR2014002906
003 BR-BrBNA
005 20231205124016.0
007 ta
008 230509b bl.|||p| |||| 00| 00por d
040 _aBR-BrBNA
_bpor
_cBiblioteca Nacional de Agricultura
041 _a(Pt)
072 _aQ02
100 1 _aSalles, F.M.
100 1 _aZanmbom, M.A.
100 1 _aAlcalde, C.R.
100 1 _aMacedo, F.A.F.
100 1 _aSouza, R.
100 1 _aGomes, L.C.
100 1 _aDias, F.B.
100 1 _aMolina, B.S.L.
245 1 _aCaracterísticas de carcaça de cabritos criados em dois sistemas de terminação
650 _aCABRITO
650 _aCARNE
650 _aCARCAÇA
650 _aMÉTODO ESTATÍSTICO
773 0 _tArquivo Brasileiro de Medicina Veterinária e Zootecnia (Brazil)
_xISSN 0102-0935
_g(Dec 2013), v. 65(6) p. 1867-1875
_wBR2014002906
909 _a202311
_bLúcia
_c55
_dLúcia Elande
942 _2AGRIS
_n0
_cANA
999 _c236877
_d236877